Exclusion sociale et pauvreté en Europe: Union nationale interfédérale des ouevres et organismes privés sanitaires et sociaux (UNIOPSS)
Shranjeno v:
| Glavni avtor: | |
|---|---|
| Format: | Knjiga |
| Jezik: | Undetermined |
| Izdano: |
Paris
La Documentation française
2001
|
| Teme: | |
| Oznake: |
Označite
Brez oznak, prvi označite!
|
| Thư viện lưu trữ: | Trung tâm Học liệu Trường Đại học Cần Thơ |
|---|
| LEADER | 00661nam a2200193Ia 4500 | ||
|---|---|---|---|
| 001 | CTU_73040 | ||
| 008 | 210402s9999 xx 000 0 und d | ||
| 082 | |a 362.57 | ||
| 082 | |b C545 | ||
| 100 | |a Thomas Choffé | ||
| 245 | 0 | |a Exclusion sociale et pauvreté en Europe: Union nationale interfédérale des ouevres et organismes privés sanitaires et sociaux (UNIOPSS) | |
| 245 | 0 | |c Thomas Choffé, Sabine Viard et Béatrice Randon | |
| 260 | |a Paris | ||
| 260 | |b La Documentation française | ||
| 260 | |c 2001 | ||
| 650 | |a europe,poverty | ||
| 650 | |x social conditions | ||
| 904 | |i Minh | ||
| 980 | |a Trung tâm Học liệu Trường Đại học Cần Thơ | ||